000 00883nam a22001695i 4500
001 161528
003 ES-MaACL
005 20230906212315.0
008 020220s1856 sp |||| | spa d
040 _aCAM
_bspa
_cCAM
100 1 _aPastorfido, Miguel.
_989537
245 1 0 _aOlimpia
_b: drama refundido y arreglado del frances en cuatro actos y en prosa /
_cpor Miguel Pastorfido.
260 _aMadrid :
_b[s.n.],
_c1856 (
_fImprenta de José Rodríguez)
300 _a61 p. ;
_c19 cm.
596 1 _aAl v. de port. consta : "... Sres. Gullon y Regoyos, editores de la galeria lírico-dramática El Teatro..."
852 _aES-MaACL
_jF-8559(7)
_z-- Enc. pasta española
_z-- Nota ms. del censor Antonio Aruao conforme con la representación de la obra
_q-- Falto de la cub. original
_z-- Enc. en un vol. facticio formando parte de la col. facticia "Teatro español moderno", v. 11
999 _c161528
_d161528